Собачье сердце: 8-9 классы; [текст, комментарий, указатель, учебный материал]

Détails bibliographiques
Auteur principal: Булгаков М. А. Михаил Афанасьевич
Résumé:Издание адресовано учащимся для изучения произведения на уроках литературы. Будет полезно учителям и репетиторам, так как содержит ценные методические материалы. В серию вошли все произведения, обязательные для изучения в 5—11-х классах в соответствии с Государственным образовательным стандартом по литературе, утвержденным Министерством образования и науки РФ. В пособии реализованы современные принципы изучения произведения в школе. В книге даются: • полный текст произведения; • подробный план произведения на полях книги; • навигатор поиска имен, событий, сведений; • комментарии по ходу чтения; • история создания повести; • тесты (по новой форме): задания А, В, С; • темы сочинений. Дополнительные учебно-справочные материалы делают книгу максимально удобной для изучения в классе, подготовки к сочинению и экзамену.
Langue:russe
Publié: Москва, Эксмо, 2008
Collection:Классика в классе
Sujets:
Format: Livre
KOHA link:https://koha.lib.tpu.ru/cgi-bin/koha/opac-detail.pl?biblionumber=134889

MARC

LEADER 00000nam0a2200000 4500
001 134889
005 20241112063152.0
010 |a 9785699265701 
035 |a (RuTPU)RU\TPU\book\146201 
090 |a 134889 
100 |a 20080404d2008 m y0rusy50 ca 
101 0 |a rus 
102 |a RU 
105 |a y z 000ab 
200 1 |a Собачье сердце  |e 8-9 классы  |e [текст, комментарий, указатель, учебный материал]  |f М. А. Булгаков 
210 |a Москва  |c Эксмо  |d 2008 
215 |a 128 с. 
225 1 |a Классика в классе 
330 |a Издание адресовано учащимся для изучения произведения на уроках литературы. Будет полезно учителям и репетиторам, так как содержит ценные методические материалы. В серию вошли все произведения, обязательные для изучения в 5—11-х классах в соответствии с Государственным образовательным стандартом по литературе, утвержденным Министерством образования и науки РФ. В пособии реализованы современные принципы изучения произведения в школе. В книге даются: • полный текст произведения; • подробный план произведения на полях книги; • навигатор поиска имен, событий, сведений; • комментарии по ходу чтения; • история создания повести; • тесты (по новой форме): задания А, В, С; • темы сочинений. Дополнительные учебно-справочные материалы делают книгу максимально удобной для изучения в классе, подготовки к сочинению и экзамену. 
600 1 |a Булгаков  |b М. А.  |c русский писатель  |f 1891-1940  |g Михаил Афанасьевич  |2 stltpush  |3 (RuTPU)RU\TPU\pers\984  |9 436 
610 1 |a русская литература 
610 1 |a романы 
610 1 |a 20 век 
610 1 |a литературоведение 
675 |a Р2  |v 3 
675 |a 8Р2(092)  |v 3 
700 1 |a Булгаков  |b М. А.  |c русский писатель  |f 1891-1940  |g Михаил Афанасьевич  |2 stltpush  |3 (RuTPU)RU\TPU\pers\984  |9 436 
801 1 |a RU  |b 63413507  |c 20080404  |g PSBO 
801 2 |a RU  |b 63413507  |c 20160411  |g PSBO 
942 |c BK 
959 |a 39/20080403  |d 1  |e 27,70  |f ХФ:1